000 00608nam a2200229Ia 4500
008 161112s9999 xx 000 0 und d
020 _a978-0-471-74058-2
050 _aCUL TX 773
050 _b.F45 2008
100 _aFelder, Amy.
245 0 _aSavory sweets :
245 0 _bfrom ingredients to plated desserts /
245 0 _cAmy Felder.
260 _aNew Jersey :
260 _bJohn Wiley & Sons Inc.,
260 _c2008
300 _a252 pages :
300 _bcolor illustrations ;
300 _c28 cm.
500 _aIncludes bibliographical references and index.
650 _aDesserts.
999 _c305220
_d305220